[Event "XXV Miedzynarodowy Turniej im. Tadeusza "]
[Site "Police"]
[Date "2010.07.08"]
[Round "2.10"]
[White "Tokarczyk, Tomasz"]
[Black "Krivonosov, Oleg"]
[Result "1/2-1/2"]
[WhiteElo "2162"]
[BlackElo "2437"]
[PlyCount "42"]
[EventDate "2010.??.??"]

1. d4 d5 2. Nf3 Nf6 3. c4 e6 4. Bg5 Be7 5. Nc3 h6 6. Bh4 O-O 7. e3 Ne4 8. Bxe7
Qxe7 9. Rc1 Nxc3 10. Rxc3 c6 11. Bd3 dxc4 12. Bxc4 Nd7 13. O-O b6 14. Bd3 c5
15. Be4 Rb8 16. Qc2 Nf6 17. dxc5 Nxe4 18. Qxe4 bxc5 19. b3 Bb7 20. Qf4 Bxf3 21.
Qxf3 Rfd8 1/2-1/2

[Event "XXV Miedzynarodowy Turniej im. Tadeusza "]
[Site "Police"]
[Date "2010.07.08"]
[Round "2.11"]
[White "Jacek, Krystian"]
[Black "Bieluszewski, Piotr"]
[Result "1-0"]
[WhiteElo "2055"]
[BlackElo "2173"]
[PlyCount "105"]
[EventDate "2010.??.??"]

1. e4 c5 2. Nf3 e6 3. d4 cxd4 4. Nxd4 Nf6 5. Nc3 d6 6. g4 e5 7. Bb5+ Bd7 8.
Bxd7+ Qxd7 9. Nf5 h5 10. g5 Ng8 11. Be3 g6 12. Ng3 f5 13. f4 h4 14. Nge2 Nc6
15. exf5 gxf5 16. Nd5 Bg7 17. Nec3 exf4 18. Bxf4 Kf8 19. O-O Bd4+ 20. Kh1 Kg7
21. Qd3 Rf8 22. Rad1 h3 23. Rf3 Nge7 24. Nxe7 Qxe7 25. Nb5 Be5 26. Nxd6 Qxd6
27. Qxd6 Bxd6 28. Rxd6 Rh4 29. Bd2 Ne7 30. Bc3+ Kg8 31. Rd7 Re8 32. Re3 Kf8 33.
Bf6 Re4 34. Rxe4 fxe4 35. Rxe7 Rxe7 36. Bxe7+ Kxe7 37. Kg1 Ke6 38. Kf2 Kf5 39.
Ke3 Kxg5 40. Kxe4 b5 41. c3 Kf6 42. Kf4 a5 43. b3 a4 44. c4 axb3 45. axb3 bxc4
46. bxc4 Ke6 47. Kg4 Kd6 48. Kxh3 Kc5 49. Kg4 Kxc4 50. h4 Kd5 51. Kg5 Ke6 52.
Kg6 Ke7 53. Kg7 1-0

[Event "XXV Miedzynarodowy Turniej im. Tadeusza "]
[Site "Police"]
[Date "2010.07.08"]
[Round "2.12"]
[White "Kostyra, Mariusz"]
[Black "Pawlicz, Adam"]
[Result "1-0"]
[WhiteElo "2181"]
[BlackElo "2039"]
[PlyCount "57"]
[EventDate "2010.??.??"]

1. e4 Nf6 2. Nc3 d5 3. exd5 Nxd5 4. Nf3 Bg4 5. Bc4 e6 6. h3 Bh5 7. O-O Be7 8.
Ne4 O-O 9. d4 Nd7 10. Re1 c6 11. Bb3 b5 12. a4 a6 13. Ng3 Bg6 14. Qe2 Qb6 15.
c3 Rfe8 16. h4 h6 17. h5 Bh7 18. Ne5 Nxe5 19. dxe5 f5 20. exf6 Bxf6 21. axb5
Qxb5 22. Bc4 Qb6 23. Rxa6 Rxa6 24. Bxa6 Bh4 25. Kh2 Rf8 26. f4 e5 27. fxe5 Rf2
28. Qg4 Bxg3+ 29. Qxg3 1-0

[Event "XXV Miedzynarodowy Turniej im. Tadeusza "]
[Site "Police"]
[Date "2010.07.08"]
[Round "2.13"]
[White "Korbal, Arkadiusz"]
[Black "Buczak, Krzysztof"]
[Result "1/2-1/2"]
[WhiteElo "2016"]
[BlackElo "2153"]
[PlyCount "137"]
[EventDate "2010.??.??"]

1. e4 c5 2. Nf3 e6 3. d4 cxd4 4. Nxd4 Nc6 5. Nc3 d6 6. Be3 Be7 7. Qd2 Nf6 8. f3
a6 9. Na4 Nxd4 10. Bxd4 e5 11. Be3 Be6 12. Nb6 Rb8 13. Rd1 Qc7 14. c4 O-O 15.
Be2 Nd7 16. Nd5 Bxd5 17. cxd5 Rfc8 18. O-O Qc2 19. Rc1 Qxd2 20. Bxd2 Bd8 21. g3
Bb6+ 22. Kg2 Bd4 23. b3 Kf8 24. f4 Nf6 25. Kf3 Bb2 26. Rc4 Nd7 27. Bb4 Ke7 28.
Rb1 Rxc4 29. Bxc4 Bd4 30. Rc1 Rc8 31. Rc2 g6 32. Bd3 Bc5 33. Ba5 Rb8 34. Bc7
Rc8 35. Ba5 Rb8 36. Bf1 b6 37. Bc3 a5 38. Bh3 f6 39. Bd2 Kd8 40. Bxd7 Kxd7 41.
g4 Rf8 42. h4 f5 43. gxf5 gxf5 44. exf5 Rxf5 45. Kg4 Rf8 46. f5 Rg8+ 47. Kf3
Rg1 48. Bg5 h5 49. f6 Ke8 50. Ke4 Kf7 51. Kd3 Rg4 52. Rc4 b5 53. Rxg4 hxg4 54.
Ke2 e4 55. Kf1 Bd4 56. Bf4 Bxf6 57. h5 Be7 58. a4 bxa4 59. bxa4 Kf6 60. Bd2 Bd8
61. Bf4 Bb6 62. Bxd6 Kg5 63. Be7+ Kxh5 64. d6 Bc5 65. Bd8 Bxd6 66. Bxa5 Bc5 67.
Bc7 Bb4 68. a5 Bxa5 69. Bxa5 1/2-1/2

[Event "XXV Miedzynarodowy Turniej im. Tadeusza "]
[Site "Police"]
[Date "2010.07.08"]
[Round "2.15"]
[White "Maliszewski, Jaroslaw"]
[Black "Radwan, Leszek"]
[Result "0-1"]
[WhiteElo "1871"]
[BlackElo "2138"]
[PlyCount "72"]
[EventDate "2010.??.??"]

1. c4 Nf6 2. Nc3 g6 3. e4 d6 4. d4 Bg7 5. Be2 Nbd7 6. Bg5 h6 7. Be3 e5 8. d5
Nc5 9. f3 a5 10. Qd2 Bd7 11. Nb5 Bxb5 12. cxb5 Nfd7 13. Nh3 f5 14. exf5 gxf5
15. g3 Qf6 16. O-O O-O 17. Rac1 b6 18. Rc4 e4 19. Bd4 Ne5 20. Qc3 Qf7 21. Bxe5
Bxe5 22. Qd2 Qg7 23. Nf4 Qg5 24. Kh1 Bxf4 25. gxf4 Qf6 26. a3 a4 27. Bd1 exf3
28. Rxf3 Ra5 29. Rb4 Re8 30. Re3 Raa8 31. Rxe8+ Rxe8 32. Bxa4 Qh4 33. Qg2+ Kf7
34. Qg3 Re1+ 35. Kg2 Qe7 36. Rd4 Re3 0-1

[Event "XXV Miedzynarodowy Turniej im. Tadeusza "]
[Site "Police"]
[Date "2010.07.08"]
[Round "2.16"]
[White "Leszner, Liliana"]
[Black "Oleniak, Wlodzimierz"]
[Result "1-0"]
[WhiteElo "2137"]
[BlackElo "1848"]
[PlyCount "43"]
[EventDate "2010.??.??"]

1. e4 c5 2. Nc3 d6 3. g3 Nc6 4. Bg2 Nf6 5. d3 e6 6. Be3 Be7 7. f4 O-O 8. Nf3
Ng4 9. Bg1 Qb6 10. Rb1 Qc7 11. h3 Nf6 12. Bf2 a6 13. O-O Rb8 14. g4 Nd7 15. f5
Nde5 16. Nxe5 dxe5 17. Be3 Bd7 18. g5 Qd8 19. f6 gxf6 20. gxf6 Bxf6 21. Bh6 Kh8
22. Bxf8 1-0

[Event "XXV Miedzynarodowy Turniej im. Tadeusza "]
[Site "Police"]
[Date "2010.07.08"]
[Round "2.17"]
[White "Metelski, Jerzy"]
[Black "Graf, Pawel"]
[Result "0-1"]
[WhiteElo "1824"]
[BlackElo "2137"]
[PlyCount "44"]
[EventDate "2010.??.??"]

1. e4 e5 2. f4 exf4 3. Nf3 d5 4. exd5 Nf6 5. Bb5+ c6 6. dxc6 bxc6 7. Be2 Bd6 8.
O-O O-O 9. d4 Nd5 10. Nc3 Ne3 11. Bxe3 fxe3 12. Ne4 Bf4 13. Bd3 f5 14. Nc5 Qe7
15. Qe2 Kh8 16. Rae1 Nd7 17. Nxd7 Bxd7 18. Ne5 Bxe5 19. dxe5 Qxe5 20. Qxe3 Qxb2
21. Bxf5 Bxf5 22. c3 Qb6 0-1

[Event "XXV Miedzynarodowy Turniej im. Tadeusza "]
[Site "Police"]
[Date "2010.07.08"]
[Round "2.18"]
[White "Aglave, Arnaud"]
[Black "Jacek, Roksana"]
[Result "0-1"]
[WhiteElo "2086"]
[BlackElo "1702"]
[PlyCount "64"]
[EventDate "2010.??.??"]

1. c4 e5 2. g3 Nc6 3. Bg2 g6 4. Nc3 Bg7 5. e4 d6 6. Nge2 f5 7. d3 Nf6 8. O-O
O-O 9. Nd5 a5 10. h3 h6 11. Be3 g5 12. exf5 Bxf5 13. g4 Bg6 14. Nxf6+ Qxf6 15.
Nc3 Nb4 16. Be4 c6 17. a3 Na6 18. Bg2 Nc7 19. Ne4 Qe7 20. c5 d5 21. Nd6 Ne6 22.
Qc2 Kh8 23. Rad1 Nf4 24. Bxf4 gxf4 25. f3 a4 26. Rf2 b6 27. Bf1 Ra5 28. Nf5
Bxf5 29. gxf5 Qxc5 30. d4 exd4 31. Qd3 Qe7 32. Re1 Qxe1 0-1

[Event "XXV Miedzynarodowy Turniej im. Tadeusza "]
[Site "Police"]
[Date "2010.07.09"]
[Round "3.1"]
[White "Hnydiuk, Aleksander"]
[Black "Tomczak, Jacek"]
[Result "1-0"]
[WhiteElo "2445"]
[BlackElo "2509"]
[PlyCount "127"]
[EventDate "2010.??.??"]

1. e4 c6 2. d4 d5 3. e5 c5 4. dxc5 Nc6 5. Bb5 e6 6. Nf3 Bxc5 7. O-O Nge7 8. Qe2
a6 9. Bd3 Nb4 10. Be3 d4 11. Bg5 Nxd3 12. Qxd3 Qb6 13. Nbd2 Ng6 14. Nb3 Bd7 15.
Nxc5 Qxc5 16. Rfe1 Bc6 17. Qxd4 Qxc2 18. Rac1 Qa4 19. Qxa4 Bxa4 20. Nd4 h6 21.
Bd2 Rd8 22. Bc3 Rd5 23. b3 Bd7 24. Nc2 O-O 25. Ne3 Rd3 26. Red1 Rxd1+ 27. Rxd1
Rc8 28. Bb2 Bc6 29. f3 Nf4 30. Rd2 a5 31. Nc4 Bd5 32. Nb6 Rc6 33. Bd4 Rc1+ 34.
Kf2 Rc6 35. Be3 Kf8 36. g3 Ng6 37. Nxd5 exd5 38. Rxd5 a4 39. f4 axb3 40. axb3
Ke8 41. Rb5 Rc7 42. Rc5 Rd7 43. Rc8+ Ke7 44. Kf3 Ke6 45. Ke4 Ne7 46. Re8 f5+
47. exf6 Kxf6 48. Rf8+ Kg6 49. f5+ Kh7 50. f6 Ng6 51. fxg7 Re7+ 52. Kd3 Kxg7
53. Rf5 Rd7+ 54. Bd4+ Kg8 55. Kc4 Ne7 56. Rf6 b5+ 57. Kd3 Kh7 58. Rf7+ Kg6 59.
Rg7+ Kf5 60. g4+ Kf4 61. h3 h5 62. gxh5 Rxd4+ 63. Kxd4 Nf5+ 64. Kc3 1-0

[Event "XXV Miedzynarodowy Turniej im. Tadeusza "]
[Site "Police"]
[Date "2010.07.09"]
[Round "3.2"]
[White "Maniocha, Andrzej"]
[Black "Shishkin, Vadim"]
[Result "0-1"]
[WhiteElo "2211"]
[BlackElo "2471"]
[PlyCount "66"]
[EventDate "2010.??.??"]

1. e4 c5 2. Nf3 Nc6 3. d4 cxd4 4. Nxd4 Nf6 5. Nc3 d6 6. Bc4 Bd7 7. O-O e6 8.
Ndb5 Qb8 9. Bg5 a6 10. Nd4 Be7 11. Re1 O-O 12. h3 b5 13. Nxc6 Bxc6 14. Bd3 Qb7
15. a3 Rfd8 16. Qe2 h6 17. Bf4 Nd7 18. Qg4 Ne5 19. Qg3 Ng6 20. Bd2 Bh4 21. Qg4
Qe7 22. g3 Ne5 23. Qh5 Bf6 24. Rab1 g6 25. Qd1 Bg7 26. Bf1 Qb7 27. h4 Rac8 28.
h5 d5 29. hxg6 dxe4 30. gxf7+ Qxf7 31. Be2 e3 32. fxe3 Qg6 33. g4 Nxg4 0-1

[Event "XXV Miedzynarodowy Turniej im. Tadeusza "]
[Site "Police"]
[Date "2010.07.09"]
[Round "3.3"]
[White "Malisauskas, Vidmantas"]
[Black "Grabarczyk, Miroslaw"]
[Result "1/2-1/2"]
[WhiteElo "2516"]
[BlackElo "2456"]
[PlyCount "42"]
[EventDate "2010.??.??"]

1. e4 e5 2. Nf3 Nf6 3. Nxe5 d6 4. Nf3 Nxe4 5. d4 d5 6. Bd3 Nd6 7. c3 c6 8. Qc2
g6 9. O-O Be7 10. Bh6 Bf5 11. Re1 Bxd3 12. Qxd3 Nf5 13. Bg5 O-O 14. Bxe7 Nxe7
15. Nbd2 Nd7 16. Re2 Nf5 17. Rae1 Ng7 18. Nf1 Re8 19. Rxe8+ Nxe8 20. Ne3 Nd6
21. b3 Qa5 1/2-1/2

[Event "XXV Miedzynarodowy Turniej im. Tadeusza "]
[Site "Police"]
[Date "2010.07.09"]
[Round "3.4"]
[White "Krysztofiak, Marcin"]
[Black "Ivanov, Mikhail M"]
[Result "1/2-1/2"]
[WhiteElo "2436"]
[BlackElo "2486"]
[PlyCount "20"]
[EventDate "2010.??.??"]

1. d4 d5 2. Nf3 c6 3. Bf4 Bf5 4. e3 e6 5. Nbd2 Bd6 6. Bxd6 Qxd6 7. Nh4 Nd7 8.
Nxf5 exf5 9. c4 Ngf6 10. Bd3 Ne4 1/2-1/2

[Event "XXV Miedzynarodowy Turniej im. Tadeusza "]
[Site "Police"]
[Date "2010.07.09"]
[Round "3.5"]
[White "Urban, Klaudiusz"]
[Black "Przedmojski, Rafal"]
[Result "1/2-1/2"]
[WhiteElo "2478"]
[BlackElo "2390"]
[PlyCount "75"]
[EventDate "2010.??.??"]

1. Nf3 d5 2. d4 c5 3. c4 cxd4 4. cxd5 Nf6 5. Qxd4 Qxd5 6. Nc3 Qxd4 7. Nxd4 a6
8. g3 e5 9. Nb3 Bd7 10. Bg2 Bc6 11. O-O Bb4 12. Bd2 Bxg2 13. Kxg2 Nc6 14. a3
Bxc3 15. Bxc3 Nd5 16. Rac1 Ke7 17. Bd2 Rhc8 18. Rc5 Kd6 19. Rfc1 b6 20. R5c4
Nce7 21. Rh4 Rxc1 22. Bxc1 h6 23. Rg4 g5 24. Rc4 Rc8 25. Rxc8 Nxc8 26. e4 Nf6
27. f3 Ke6 28. Be3 Nd7 29. a4 Nd6 30. Nd2 f5 31. g4 f4 32. Bf2 b5 33. axb5 axb5
34. b3 Nb7 35. b4 Nd8 36. Nb3 Nc6 37. Nc5+ Nxc5 38. Bxc5 1/2-1/2

[Event "XXV Miedzynarodowy Turniej im. Tadeusza "]
[Site "Police"]
[Date "2010.07.09"]
[Round "3.6"]
[White "Koziak, Vitali"]
[Black "Jacek, Krystian"]
[Result "1-0"]
[WhiteElo "2470"]
[BlackElo "2055"]
[PlyCount "47"]
[EventDate "2010.??.??"]

1. Nf3 Nf6 2. c4 g6 3. Nc3 Bg7 4. d4 O-O 5. Bf4 d6 6. e3 Nbd7 7. Be2 b6 8. O-O
Bb7 9. Qc2 Re8 10. Rad1 Qc8 11. h3 e5 12. Bh2 exd4 13. exd4 Ne4 14. Rfe1 Ndf6
15. Nxe4 Bxe4 16. Qc1 Qb7 17. d5 c6 18. dxc6 Bxc6 19. Bxd6 Ne4 20. Bf4 Rac8 21.
Nd4 Nxf2 22. Kxf2 Bxg2 23. Bf3 Bxd4+ 24. Kxg2 1-0

[Event "XXV Miedzynarodowy Turniej im. Tadeusza "]
[Site "Police"]
[Date "2010.07.09"]
[Round "3.7"]
[White "Nguyen, Piotr"]
[Black "Manik, Mikulas"]
[Result "1-0"]
[WhiteElo "2372"]
[BlackElo "2441"]
[PlyCount "55"]
[EventDate "2010.??.??"]

1. d4 Nf6 2. Bg5 e6 3. Nd2 d5 4. c3 Be7 5. e3 Nbd7 6. Bd3 b6 7. Nh3 Bb7 8. Qe2
Ne4 9. Bxe7 Qxe7 10. O-O-O O-O-O 11. Nxe4 dxe4 12. Ba6 f5 13. f3 Nf6 14. fxe4
Nxe4 15. Nf2 Nxf2 16. Bxb7+ Kxb7 17. Qxf2 Rhf8 18. e4 Qg5+ 19. Qd2 Qg4 20. Rhe1
e5 21. d5 fxe4 22. Re3 Rf4 23. c4 Rd6 24. b4 c6 25. Rg3 e3 26. Qc2 e2 27. Rxg4
exd1=Q+ 28. Qxd1 1-0

[Event "XXV Miedzynarodowy Turniej im. Tadeusza "]
[Site "Police"]
[Date "2010.07.09"]
[Round "3.8"]
[White "Krivonosov, Oleg"]
[Black "Radwan, Leszek"]
[Result "1-0"]
[WhiteElo "2437"]
[BlackElo "2138"]
[PlyCount "81"]
[EventDate "2010.??.??"]

1. Nf3 Nf6 2. c4 c5 3. Nc3 g6 4. d4 cxd4 5. Nxd4 Bg7 6. e4 d6 7. Be2 O-O 8. Be3
Nc6 9. O-O Bd7 10. Qd2 Ng4 11. Bxg4 Bxg4 12. f3 Nxd4 13. Bxd4 Be6 14. Bxg7 Kxg7
15. b3 Qb6+ 16. Kh1 Rac8 17. f4 f6 18. Nd5 Qd8 19. Rac1 Bf7 20. h3 e6 21. Ne3
Qb6 22. Rcd1 Rcd8 23. Qf2 Rfe8 24. Rd3 f5 25. exf5 exf5 26. Nd5 Qxf2 27. Rxf2
Bxd5 28. Rxd5 Kf7 29. Rfd2 Ke7 30. Kg1 b6 31. Kf2 Ke6 32. Kf3 h5 33. Kg3 Rf8
34. Kh4 Rf6 35. b4 Ke7 36. c5 bxc5 37. bxc5 Rc8 38. Rxd6 Rxc5 39. Rd7+ Ke8 40.
Rxa7 Re6 41. Rdd7 1-0

[Event "XXV Miedzynarodowy Turniej im. Tadeusza "]
[Site "Police"]
[Date "2010.07.09"]
[Round "3.9"]
[White "Sopur, Lech"]
[Black "Tokarczyk, Tomasz"]
[Result "1/2-1/2"]
[WhiteElo "2419"]
[BlackElo "2162"]
[PlyCount "103"]
[EventDate "2010.??.??"]

1. d4 d5 2. Bg5 Nf6 3. Nf3 Ne4 4. Bf4 c5 5. e3 Nc6 6. c3 Bg4 7. Qb3 Qd7 8. Bb5
c4 9. Qa4 Bxf3 10. gxf3 Nd6 11. Bxd6 Qxd6 12. b3 cxb3 13. axb3 e6 14. Nd2 Be7
15. f4 O-O 16. Bxc6 bxc6 17. b4 f6 18. Nf3 Qd7 19. Rg1 Bd6 20. Rg3 Rf7 21. Ke2
Re8 22. Qc2 e5 23. dxe5 fxe5 24. fxe5 Bxe5 25. Nxe5 Rxe5 26. Rag1 Re4 27. R1g2
Qf5 28. Qd3 Qh5+ 29. Kd2 Rc4 30. f4 Re4 31. Qa6 Rc7 32. Qa5 Ree7 33. Qc5 Qh6
34. Rg5 Rcd7 35. h4 Re4 36. h5 Rc4 37. Qa5 Qf6 38. Re5 Re4 39. Rgg5 h6 40. Rgf5
Qh4 41. Qa6 Qf2+ 42. Qe2 Qg1 43. Kc2 Qa1 44. Qd3 Qa2+ 45. Kd1 Re7 46. Rxe7 Rxe7
47. Re5 Rxe5 48. fxe5 Qf2 49. Qg6 Qf1+ 50. Kc2 Qe2+ 51. Kb3 Qc4+ 52. Kb2
1/2-1/2

[Event "XXV Miedzynarodowy Turniej im. Tadeusza "]
[Site "Police"]
[Date "2010.07.09"]
[Round "3.10"]
[White "Graf, Pawel"]
[Black "Kula, Robert"]
[Result "1/2-1/2"]
[WhiteElo "2137"]
[BlackElo "2368"]
[PlyCount "49"]
[EventDate "2010.??.??"]

1. e4 e5 2. Nc3 Nc6 3. g3 Bc5 4. Bg2 d6 5. Nge2 a6 6. d3 Nge7 7. O-O O-O 8. Nd5
Nxd5 9. exd5 Ne7 10. d4 exd4 11. Nxd4 Ng6 12. f4 Re8 13. Kh1 Qf6 14. Nb3 Bb6
15. Rb1 Bd7 16. Nd2 Qf5 17. Nc4 Ba7 18. Bd2 Re4 19. b3 b5 20. Qf3 Rae8 21. Ne5
Rd4 22. Nd3 Rde4 23. Ne5 Rd4 24. Nd3 Rde4 25. Ne5 1/2-1/2

[Event "XXV Miedzynarodowy Turniej im. Tadeusza "]
[Site "Police"]
[Date "2010.07.09"]
[Round "3.12"]
[White "Okon, Dariusz"]
[Black "Leszner, Liliana"]
[Result "1-0"]
[WhiteElo "2192"]
[BlackElo "2137"]
[PlyCount "85"]
[EventDate "2010.??.??"]

1. Nf3 g6 2. c4 Bg7 3. Nc3 d6 4. d4 c6 5. Bf4 Nf6 6. e3 O-O 7. Be2 Nbd7 8. O-O
Re8 9. h3 h6 10. Rc1 e5 11. dxe5 dxe5 12. Nxe5 Qa5 13. Nxd7 Bxd7 14. Qb3 g5 15.
Bd6 b6 16. Rfd1 g4 17. h4 Qh5 18. g3 Rad8 19. Bc7 Rc8 20. Bf4 Be6 21. Qa4 a5
22. Rd2 Bf8 23. a3 Nd7 24. Qd1 Nf6 25. Bd6 Bg7 26. Bd3 Bd7 27. b4 axb4 28. axb4
Ra8 29. Ne2 Ne4 30. Bxe4 Rxe4 31. Bc7 Be6 32. Rd8+ Rxd8 33. Qxd8+ Kh7 34. Bxb6
Qf5 35. Bd4 Be5 36. b5 cxb5 37. cxb5 Qf3 38. Bxe5 Qxe2 39. Rc8 Kg6 40. h5+ Kxh5
41. Qh4+ Kg6 42. Rg8+ Kh7 43. Rg7+ 1-0

[Event "XXV Miedzynarodowy Turniej im. Tadeusza "]
[Site "Police"]
[Date "2010.07.09"]
[Round "3.13"]
[White "Jacek, Roksana"]
[Black "Kostyra, Mariusz"]
[Result "1/2-1/2"]
[WhiteElo "1702"]
[BlackElo "2181"]
[PlyCount "52"]
[EventDate "2010.??.??"]

1. e4 e5 2. Nf3 Nc6 3. Bb5 a6 4. Ba4 Nf6 5. O-O b5 6. Bb3 Bb7 7. c3 Nxe4 8. Re1
d5 9. d3 Nc5 10. Nxe5 Nxe5 11. Rxe5+ Ne6 12. Bg5 Qd7 13. Qf3 Bd6 14. Re1 O-O
15. Be3 c5 16. d4 c4 17. Bc2 Rae8 18. Qh3 g6 19. Nd2 f5 20. Bh6 Rf7 21. Nf3
Rfe7 22. Ne5 Bxe5 23. Rxe5 Nc5 24. f4 Ne4 25. Bxe4 dxe4 26. Bg5 Rf7 1/2-1/2

[Event "XXV Miedzynarodowy Turniej im. Tadeusza "]
[Site "Police"]
[Date "2010.07.09"]
[Round "3.14"]
[White "Stern, Rene"]
[Black "Korbal, Arkadiusz"]
[Result "1-0"]
[WhiteElo "2490"]
[BlackElo "2016"]
[PlyCount "61"]
[EventDate "2010.??.??"]

1. d4 Nf6 2. c4 e6 3. Nc3 Bb4 4. Bd2 b6 5. f3 c5 6. a3 Bxc3 7. Bxc3 cxd4 8.
Qxd4 Nc6 9. Qd6 Qe7 10. Qxe7+ Nxe7 11. e4 Ba6 12. e5 Nh5 13. Nh3 g6 14. Nf2 Bb7
15. Ng4 O-O 16. Kf2 Rfd8 17. g3 d5 18. exd6 Rxd6 19. Bb4 Rd7 20. Ne5 Rc7 21.
Bd6 Rac8 22. Bxc7 Rxc7 23. Be2 f6 24. Nd3 Ng7 25. Rhd1 Ngf5 26. Nf4 Kf7 27. g4
Nh4 28. Rd6 Bc8 29. Rc1 g5 30. Nd3 Ba6 31. c5 1-0

[Event "XXV Miedzynarodowy Turniej im. Tadeusza "]
[Site "Police"]
[Date "2010.07.09"]
[Round "3.15"]
[White "Buczak, Krzysztof"]
[Black "Olenderek, Tomasz"]
[Result "0-1"]
[WhiteElo "2153"]
[BlackElo "2146"]
[PlyCount "44"]
[EventDate "2010.??.??"]

1. Nf3 d5 2. e3 g6 3. c4 c6 4. Nc3 Nf6 5. d4 Bg7 6. b4 O-O 7. cxd5 cxd5 8. Qb3
Nc6 9. Bd3 Bg4 10. Be2 Bxf3 11. gxf3 e5 12. Nb5 exd4 13. Nxd4 Nxd4 14. exd4 Qd6
15. Be3 Nh5 16. O-O-O Nf4 17. Bf1 Rfc8+ 18. Kb1 a5 19. b5 a4 20. Bxf4 axb3 21.
Bxd6 bxa2+ 22. Kb2 a1=Q+ 0-1

[Event "XXV Miedzynarodowy Turniej im. Tadeusza "]
[Site "Police"]
[Date "2010.07.09"]
[Round "3.16"]
[White "Krasowski, Slawomir"]
[Black "Aglave, Arnaud"]
[Result "1-0"]
[WhiteElo "1995"]
[BlackElo "2086"]
[PlyCount "99"]
[EventDate "2010.??.??"]

1. e4 Nf6 2. Nc3 d5 3. e5 Nfd7 4. f4 e6 5. d4 c5 6. Nf3 Nc6 7. Ne2 cxd4 8.
Nexd4 Bc5 9. c3 a6 10. Bd3 h6 11. O-O Qc7 12. Kh1 O-O 13. Be3 Re8 14. Rc1 b5
15. Re1 Ba7 16. Bb1 Na5 17. b3 Nf8 18. g4 Nc6 19. Qd2 Bb8 20. Qg2 Bb7 21. Rf1
Qe7 22. Qh3 b4 23. g5 bxc3 24. gxh6 g6 25. Rxc3 Nxd4 26. Nxd4 Ba7 27. Qg3 Rac8
28. Rfc1 Rxc3 29. Rxc3 Qb4 30. Rd3 Rc8 31. Bd2 Qxd4 32. Rxd4 Bxd4 33. h4 Bc3
34. Qf2 d4+ 35. Kh2 Kh8 36. h5 Kh7 37. Bc1 Nd7 38. Qg3 Rg8 39. Qg5 Bb4 40. a3
Bf8 41. Qg1 Bc5 42. b4 Bb6 43. Qd1 Kxh6 44. hxg6 fxg6 45. f5+ g5 46. Qe1 Bc7
47. fxe6 Nxe5 48. Qh4+ Kg7 49. Qh7+ Kf6 50. Qxc7 1-0

[Event "XXV Miedzynarodowy Turniej im. Tadeusza "]
[Site "Police"]
[Date "2010.07.09"]
[Round "3.17"]
[White "Bieluszewski, Piotr"]
[Black "Maliszewski, Jaroslaw"]
[Result "1-0"]
[WhiteElo "2173"]
[BlackElo "1871"]
[PlyCount "75"]
[EventDate "2010.??.??"]

1. e4 c5 2. Nf3 Nc6 3. d4 cxd4 4. Nxd4 g6 5. c4 Bg7 6. Nc2 Nf6 7. Nc3 d6 8. Be2
Be6 9. O-O Nd7 10. Nd5 Nc5 11. f3 Rc8 12. Rb1 a5 13. Be3 O-O 14. Kh1 f5 15. Nf4
Bd7 16. Nd3 b6 17. Nf2 Qc7 18. b3 Rf7 19. Qd2 Ne6 20. exf5 Rxf5 21. Ne4 Rcf8
22. Ng3 R5f7 23. Rbe1 Nf4 24. Bd1 h5 25. Ne4 h4 26. Ng5 Rf5 27. Bxf4 Rxf4 28.
Ne3 Rd4 29. Qc2 Ne5 30. Nd5 Qd8 31. f4 Bf5 32. Qf2 Nc6 33. Qxh4 Re8 34. Qh7+
Kf8 35. Ne3 Qd7 36. Nxf5 Qxf5 37. Ne6+ Kf7 38. Qxg7# 1-0

[Event "XXV Miedzynarodowy Turniej im. Tadeusza "]
[Site "Police"]
[Date "2010.07.09"]
[Round "3.18"]
[White "Zschaebitz, Klaus"]
[Black "Oleniak, Wlodzimierz"]
[Result "1/2-1/2"]
[WhiteElo "2084"]
[BlackElo "1848"]
[PlyCount "162"]
[EventDate "2010.??.??"]

1. d4 d5 2. c4 e6 3. Nf3 Nf6 4. g3 Be7 5. Bg2 O-O 6. O-O dxc4 7. Qc2 Nbd7 8.
Qxc4 c6 9. Nc3 Nb6 10. Qb3 Nbd5 11. Ne5 Qb6 12. Qd1 Nd7 13. Nc4 Qa6 14. Qb3 b5
15. Ne3 b4 16. Ncxd5 cxd5 17. Bf3 Qb6 18. Qd1 a5 19. b3 Ba6 20. Bb2 Bb5 21. a4
bxa3 22. Bxa3 Bxa3 23. Rxa3 Qd6 24. Qa1 Qb6 25. Rc1 Nb8 26. Nc4 Bxc4 27. bxc4
Nc6 28. e3 dxc4 29. Rxc4 Rac8 30. Rc5 g6 31. Kg2 Rfd8 32. Qc3 Ne7 33. Raxa5 h6
34. Qc4 Kg7 35. Ra6 Rxc5 36. dxc5 Qb2 37. Ra2 Qe5 38. Ra8 Rd2 39. Ra3 Rxf2+ 40.
Kxf2 Qb2+ 41. Kg1 Qxa3 42. Qd4+ f6 43. g4 e5 44. Qd6 Kf7 45. Kf2 Qa2+ 46. Be2
Nd5 47. Qa6 Qxa6 48. Bxa6 Ke7 49. Bd3 g5 50. Bc4 Nb4 51. Kf3 Nc2 52. Ke4 Kd7
53. Bb5+ Kc7 54. Kd3 Ne1+ 55. Ke2 Ng2 56. Bd3 Nh4 57. Be4 h5 58. h3 hxg4 59.
hxg4 f5 60. Bxf5 Kc6 61. Be4+ Kxc5 62. Kd3 Kb4 63. Bh1 Kc5 64. Be4 Kb4 65. Kc2
Kc4 66. Kd2 Kb4 67. Kd3 Kc5 68. Kc3 Kb5 69. Kb3 Kc5 70. Kc3 Kb5 71. Bd3+ Kc5
72. Bh7 Nf3 73. Kd3 Ne1+ 74. Ke4 Ng2 75. Bg8 Kb4 76. Kd3 Kc5 77. Bb3 Kd6 78.
Bd1 Ke6 79. Bb3+ Kd6 80. Ke2 e4 81. Kd2 Ke5 1/2-1/2

[Event "XXV Miedzynarodowy Turniej im. Tadeusza "]
[Site "Police"]
[Date "2010.07.09"]
[Round "3.19"]
[White "Pawlicz, Adam"]
[Black "Metelski, Jerzy"]
[Result "1-0"]
[WhiteElo "2039"]
[BlackElo "1824"]
[PlyCount "91"]
[EventDate "2010.??.??"]

1. e4 c5 2. c3 d5 3. exd5 Qxd5 4. d4 e5 5. dxe5 Qxe5+ 6. Be3 Nf6 7. Nf3 Qc7 8.
Bc4 Bd7 9. Qe2 Be7 10. O-O O-O 11. Na3 Nc6 12. h3 Rfe8 13. Rad1 Rad8 14. Qc2 a6
15. Be2 b5 16. c4 b4 17. Nb1 Ne5 18. Nbd2 Bc6 19. Nxe5 Qxe5 20. Nf3 Qc7 21.
Rxd8 Rxd8 22. Rd1 h6 23. Rxd8+ Qxd8 24. Ne5 Bb7 25. Bf3 Qc7 26. Bxb7 Qxb7 27.
f3 Qc7 28. Nd3 Bd6 29. g4 Nd7 30. Qd2 Ne5 31. Nxe5 Bxe5 32. f4 Bf6 33. b3 Qc6
34. Qd5 Qxd5 35. cxd5 Bd4 36. Bxd4 cxd4 37. Kf2 Kf8 38. Ke2 Ke7 39. Kd3 Kd6 40.
Kxd4 g5 41. f5 f6 42. Kc4 a5 43. Kd4 Kd7 44. Kc5 Kc7 45. d6+ Kd7 46. Kd5 1-0

[Event "XXV Miedzynarodowy Turniej im. Tadeusza "]
[Site "Police"]
[Date "2010.07.10"]
[Round "4.1"]
[White "Shishkin, Vadim"]
[Black "Hnydiuk, Aleksander"]
[Result "1-0"]
[WhiteElo "2471"]
[BlackElo "2445"]
[PlyCount "95"]
[EventDate "2010.??.??"]

1. d4 Nf6 2. c4 e6 3. Nc3 Bb4 4. Qc2 O-O 5. e4 d6 6. a3 Bxc3+ 7. bxc3 e5 8. Bd3
c5 9. d5 Nbd7 10. Ne2 Nh5 11. g4 Nhf6 12. f3 Re8 13. Ng3 Nf8 14. h4 Ng6 15. g5
Nd7 16. Ne2 f6 17. Be3 Qe7 18. O-O-O fxg5 19. Bxg5 Qf7 20. h5 Ngf8 21. h6 g6
22. Rdf1 Nb6 23. f4 Qc7 24. f5 Bd7 25. Ng3 Na4 26. Nh5 b5 27. fxg6 Nxg6 28.
Nf6+ Kh8 29. Nxe8 Bxe8 30. Rh3 bxc4 31. Bxc4 Nb6 32. Qf2 Nd7 33. Rf3 Kg8 34.
Be7 Nf4 35. Rxf4 exf4 36. Qxf4 Bg6 37. Qxd6 Qxd6 38. Bxd6 Nb6 39. Bd3 Re8 40.
c4 Nd7 41. Rf4 Ne5 42. Kd2 a6 43. Bxc5 Nf7 44. Bd4 Nd6 45. e5 Nf7 46. Bxg6 hxg6
47. e6 Nd6 48. Rh4 1-0

[Event "XXV Miedzynarodowy Turniej im. Tadeusza "]
[Site "Police"]
[Date "2010.07.10"]
[Round "4.2"]
[White "Grabarczyk, Miroslaw"]
[Black "Koziak, Vitali"]
[Result "1-0"]
[WhiteElo "2456"]
[BlackElo "2470"]
[PlyCount "51"]
[EventDate "2010.??.??"]

1. d4 Nf6 2. c4 e6 3. Nf3 d5 4. cxd5 exd5 5. Nc3 c6 6. Bg5 h6 7. Bxf6 Qxf6 8.
e3 Bd6 9. Bd3 O-O 10. O-O Bg4 11. h3 Bh5 12. e4 dxe4 13. Nxe4 Qd8 14. Re1 Bc7
15. Nc5 Bxf3 16. Qxf3 Qxd4 17. Nxb7 Qb6 18. Re7 Qxb7 19. Qe4 g6 20. Bc4 Kg7 21.
Qe6 Na6 22. Rxf7+ Rxf7 23. Qxf7+ Kh8 24. Qf6+ Kh7 25. Re1 Bd8 26. Bg8+ 1-0